Attaining preeminence in semiconductors

Đã lưu trong:
書目詳細資料
格式: 圖書
語言:Undetermined
出版: Washington 1992
主題:
標簽: 添加標簽
沒有標簽, 成為第一個標記此記錄!
Thư viện lưu trữ: Trung tâm Học liệu Trường Đại học Cần Thơ
LEADER 00395nam a2200145Ia 4500
001 CTU_98440
008 210402s9999 xx 000 0 und d
082 |a 338 
082 |b A883 
245 0 |a Attaining preeminence in semiconductors 
260 |a Washington 
260 |c 1992 
650 |a Semiconductors industry 
904 |i Tuyến 
980 |a Trung tâm Học liệu Trường Đại học Cần Thơ